000 01645nam a2200289Ia 4500
999 _c52973
_d52973
001 20004
003 GE_BSU
005 20250318140020.0
008 181216s2014||||ge |||||||||||||| ||geo||
020 _a978-9941-07271-0
040 _cGE_BSU
041 _ageo
080 _a618.3 + 616-005.7 მ-39
245 _aთრომბოფილია :
_b[მონოგრაფია] /
_cალექსანდრე მაქაცარია, ვიქტორია ბიწაძე, მარინა ჯანგიძე ; რედ. : მარინა ჯანგიძე ; გარეკანის დიზაინი ალექსანდრე ჯიქურიძე.
264 _aთბილისი :
_bსაგამომც. პროგრამა "ლოგოსი"-ს სტ.,
_c2014.
300 _a464 გვ. :
_bნახ. ;
_c24 სმ.
504 _aბიბლიოგრ. : გვ. 459-464
541 _h42ლ.90თ.
653 _aთრომბოფილია
653 _aმედიცინა
653 _aსამეანო-გინეკოლოგიური პათოლოგიები
700 _aბიწაძე, ვ. (ვიქტორია)
_eავტორი
_924593
700 _aჯანგიძე, მ. (მარინა)
_eავტორი, რედაქტორი
_924594
700 _aჯანგიძე, მ. (მარინა)
_eავტორი
_924594
700 _aჯიქურიძე, ა. (ალექსანდრე)
_eგარეკანის დიზაინი
_924595
942 _cBK
_2udc